La Celestina : (Record no. 186652)

MARC details
000 -LEADER
campo de control de longitud fija 01211nam a2200301 i 4500
001 - NÚMERO DE CONTROL
campo de control 186652
003 - IDENTIFICADOR DE NÚMERO DE CONTROL
campo de control SpMaBN
005 - FECHA Y HORA DE LA ÚLTIMA TRANSACCIÓN
campo de control 20251116063115.0
008 - DATOS DE LONGITUD FIJA--INFORMACIÓN GENERAL
campo de control de longitud fija 161219s1980 fr |||| | fre d
020 ## - NÚMERO INTERNACIONAL ESTÁNDAR DEL LIBRO
Número Internacional Estándar del Libro 2-7007-0168-2
080 ## - NÚMERO DE LA CLASIFICACIÓN DECIMAL UNIVERSAL
Número de la Clasificación Decimal Universal 821.134.2-21"15"
100 1# - ENTRADA PRINCIPAL--NOMBRE DE PERSONA
Nombre de persona Rojas, Fernando de,
Fechas asociadas al nombre ca. 1470-1541
9 (RLIN) 99042
240 13 - TÍTULO UNIFORME
Título uniforme La Celestina
245 13 - MENCIÓN DEL TÍTULO
Título La Celestina :
Resto del título tragicomedia de Calisto y Melibea = La Célestine ou Tragi-comédie de Calixte et Mélibée /
Mención de responsabilidad, etc. attribuée à Fernando de Rojas ; avant-propos de Marcel Bataillon ; préface et traduction de Pierre Heugas.
250 ## - MENCION DE EDICION
Mención de edición Éd. rev. et corr.
260 ## - PUBLICACIÓN, DISTRIBUCIÓN, ETC.
Lugar de publicación, distribución, etc. Paris :
Nombre del editor, distribuidor, etc. Aubier-Flammarion,
Fecha de publicación, distribución, etc. 1980.
300 ## - DESCRIPCIÓN FÍSICA
Extensión 2 v. (556 p.) ;
Dimensiones 18 cm.
490 1# - MENCIÓN DE SERIE
Mención de serie En bilingue ;
Designación de volumen o secuencia 67-68
504 ## - NOTA DE BIBLIOGRAFÍA, ETC.
Nota de bibliografía, etc. Bibliografía: v. 2, p. [524]
546 ## - NOTA DE IDIOMA
Nota de lengua/lenguaje Texto paralelo en español y francés.
700 1# - ENTRADA AGREGADA--NOMBRE PERSONAL
Nombre de persona Bataillon, Marcel.
9 (RLIN) 26396
700 1# - ENTRADA AGREGADA--NOMBRE PERSONAL
Nombre de persona Heugas, Pierre.
9 (RLIN) 172788
730 3# - ASIENTO SECUNDARIO--TITULO UNIFORME
Título uniforme La Celestina.
Lenguaje de la obra Francés.
9 (RLIN) 175106
740 32 - ENTRADA AGREGADA--TÍTULO RELACIONADO/ANALÍTICO NO CONTROLADO
Título relacionado o analítico no controlado La Célestine ou Tragi-comédie de Calixte et Mélibée.
830 1# - PUNTO DE ACCESO ADICIONAL DE SERIE-TÍTULO UNIFORME
Título uniforme En bilingue ;
Designación de volumen o secuencia 67-68
9 (RLIN) 225451
852 4# - LOCALIZACIÓN
Ubicación ES-MaACL
Número de control de estantería L-30963-64
Nota libre - Biblioteca Jacinto Martínez Lacalle
Holdings
Estatus retirado Estado de pérdida Estado de daño No para préstamo Biblioteca de origen Biblioteca actual Ubicación en estantería Fecha de adquisición Fuente de adquisición Total de préstamos Signatura topográfica completa Código de barras Visto por última vez Precio de reemplazo Tipo de ítem Koha
        Biblioteca del Ateneo de Madrid Biblioteca del Ateneo de Madrid Depósito 2 19/12/2016     L-30963-64 1196842 23/02/2023 23/02/2023 Libro impreso